000 00359nam a2200133Ia 4500
008 220216s9999 xx 000 0 und d
100 _aJayasinghe P
245 0 _aFuture of natural rubber in adhesives
260 _bRubber Research Institute of Sri Lanka Bulletin
_c1973
300 _a42-43
650 _aAdhesives
650 _aNatural rubber
942 _cJS
999 _c59698
_d59698